[Event "Lippe Cup-A 08th"]
[Site "Lieme"]
[Date "2011.10.30"]
[Round "4"]
[White "Henkemeier, Markus"]
[Black "Niediek, Cedric"]
[Result "0-1"]
[WhiteElo "1931"]
[BlackElo "1854"]
[PlyCount "60"]
[EventDate "2011.10.28"]
[EventType "swiss"]
[EventRounds "5"]
[EventCountry "GER"]
[SourceTitle "EXT 2012"]
[Source "ChessBase"]
[SourceDate "2011.11.24"]
[SourceVersion "1"]
[SourceVersionDate "2011.11.24"]
[SourceQuality "1"]

1. e4 c5 2. Nc3 Nc6 3. g3 g6 4. Bg2 Bg7 5. d3 d6 6. Be3 e5 7. Qd2 Nge7 8. Bh6 0-0 9. Nf3 a6 10. h4 Bxh6 11. Qxh6 f6 12. 0-0-0 b5 13. Bh3 Bxh3 14. Rxh3 Rf7 15. Nd5 Nxd5 16. exd5 Nb4 17. c3 Nxd5 18. g4 Nf4 19. Rhh1 Qf8 20. Qxf8+ Raxf8 21. Kc2 h6 22. Ra1 f5 23. g5 h5 24. Rhe1 Nh3 25. a4 b4 26. Nd2 Nxf2 27. Nc4 Rd8 28. Re2 Ng4 29. cxb4 cxb4 30. Kb3 f4 0-1

[Event "Dortmund Sparkassen op-A"]
[Site "Dortmund"]
[Date "2011.07.28"]
[Round "6"]
[White "Meyer, Michael"]
[Black "Niediek, Cedric"]
[Result "1-0"]
[WhiteElo "2083"]
[BlackElo "1820"]
[PlyCount "147"]
[EventDate "2011.07.23"]
[EventType "swiss"]
[EventRounds "9"]
[EventCountry "GER"]
[SourceTitle "CBM 143 Extra"]
[Source "ChessBase"]
[SourceDate "2011.08.29"]
[SourceVersion "1"]
[SourceVersionDate "2011.08.29"]
[SourceQuality "1"]

1. d4 d5 2. c4 e6 3. Nc3 Nf6 4. Bg5 Be7 5. e3 b6 6. Rc1 0-0 7. cxd5 Nxd5 8. Nxd5 exd5 9. Bf4 Bd6 10. Ne2 Ba6 11. Bxd6 Qxd6 12. Ng3 Bxf1 13. Nxf1 Nd7 14. Ng3 g6 15. 0-0 a6 16. Qc2 c5 17. dxc5 bxc5 18. Rfd1 Rac8 19. Qd3 Nf6 20. e4 d4 21. Qd2 Rfe8 22. Re1 Nd7 23. b3 f6 24. f3 Nb8 25. Ne2 Nc6 26. Nc3 Rcd8 27. Na4 Re5 28. Qd3 Rh5 29. Qc4+ Kh8 30. h3 Ne5 31. Qf1 Nd7 32. Red1 Rc8 33. Nb2 Rc6 34. Qf2 Nb6 35. Nc4 Nxc4 36. Rxc4 Re5 37. Qc2 Re8 38. Rdxd4 cxd4 39. Rxc6 Qf4 40. Qc1 Qe5 41. Rxa6 d3 42. Rc6 Qd4+ 43. Kf1 d2 44. Qd1 Qd3+ 45. Kf2 Qd4+ 46. Ke2 Rxe4+ 47. fxe4 Qxe4+ 48. Kf2 Qxc6 49. Qxd2 Qc5+ 50. Qe3 Qc2+ 51. Qe2 Qc5+ 52. Kf1 Qc1+ 53. Qe1 Qf4+ 54. Kg1 Qd4+ 55. Kh1 Qd7 56. b4 Kg7 57. a3 Qa7 58. Qc1 Qd7 59. Qb1 Qa7 60. b5 Qb7 61. b6 Kf7 62. a4 Ke7 63. a5 Kd7 64. Qb5+ Kd8 65. Qd3+ Kc8 66. Qc4+ Kd7 67. Qd4+ Ke7 68. Qc5+ Kd7 69. a6 Qxa6 70. Qc7+ Ke6 71. b7 Qf1+ 72. Kh2 f5 73. b8Q Qf4+ 74. Qxf4 1-0

[Event "GER-chT U12"]
[Site "Gross Doelln"]
[Date "2010.12.29"]
[Round "5.1"]
[White "Hamid, Emran"]
[Black "Niediek, Cedric"]
[Result "1/2-1/2"]
[WhiteElo "1717"]
[BlackElo "1715"]
[PlyCount "40"]
[EventDate "2010.12.27"]
[EventType "team-swiss"]
[EventRounds "7"]
[EventCountry "GER"]
[SourceTitle "CBM 140 Extra"]
[Source "ChessBase"]
[SourceDate "2011.03.01"]
[SourceVersion "1"]
[SourceVersionDate "2011.03.01"]
[SourceQuality "1"]
[WhiteTeam "Pforzheim U12"]
[BlackTeam "Lippstadt Turm U12"]
[WhiteTeamCountry "GER"]
[BlackTeamCountry "GER"]

1. c4 e5 2. g3 Nf6 3. Bg2 Bc5 4. Nc3 0-0 5. e3 c6 6. Nge2 Re8 7. 0-0 d5 8. cxd5 cxd5 9. d4 exd4 10. Nxd4 Bxd4 11. Qxd4 Nc6 12. Qd2 Be6 13. h3 Qa5 14. Ne2 Qxd2 15. Bxd2 Rac8 16. Bc3 Ne4 17. Bd4 Nxd4 18. Nxd4 a6 19. Rac1 Nf6 20. Rfd1 h6 1/2-1/2

[Event "GER-chT U12"]
[Site "Gross Doelln"]
[Date "2010.12.27"]
[Round "2.1"]
[White "Duerr, Florian"]
[Black "Niediek, Cedric"]
[Result "1/2-1/2"]
[WhiteElo "1778"]
[BlackElo "1715"]
[PlyCount "32"]
[EventDate "2010.12.27"]
[EventType "team-swiss"]
[EventRounds "7"]
[EventCountry "GER"]
[SourceTitle "CBM 140 Extra"]
[Source "ChessBase"]
[SourceDate "2011.03.01"]
[SourceVersion "1"]
[SourceVersionDate "2011.03.01"]
[SourceQuality "1"]
[WhiteTeam "Erlangen U12"]
[BlackTeam "Lippstadt Turm U12"]
[WhiteTeamCountry "GER"]
[BlackTeamCountry "GER"]

1. e4 c5 2. Ne2 Nc6 3. Nbc3 d6 4. g3 Nf6 5. Bg2 g6 6. 0-0 Bg7 7. d3 e6 8. h3 a6 9. Be3 0-0 10. g4 Ne8 11. Rb1 Nd4 12. f4 f5 13. gxf5 exf5 14. Ng3 Rb8 15. Nce2 Be6 16. a3 b5 1/2-1/2

[Event "Dortmund Sparkassen op-B"]
[Site "Dortmund"]
[Date "2010.07.18"]
[Round "2"]
[White "Niediek, Cedric"]
[Black "Nolte, Katharina"]
[Result "1/2-1/2"]
[WhiteElo "1854"]
[BlackElo "1291"]
[PlyCount "45"]
[EventDate "2010.07.17"]
[EventType "swiss"]
[EventRounds "9"]
[EventCountry "GER"]
[SourceTitle "EXT 2014"]
[Source "ChessBase"]
[SourceDate "2013.11.20"]
[SourceVersion "1"]
[SourceVersionDate "2013.11.20"]
[SourceQuality "1"]

1. d4 Nf6 2. c4 g6 3. Nc3 Bg7 4. e4 d6 5. Nf3 0-0 6. Be2 e5 7. d5 a5 8. 0-0 Na6 9. Be3 Bd7 10. h3 Nc5 11. Bxc5 dxc5 12. Nxe5 Re8 13. Nxd7 Qxd7 14. f3 Nh5 15. Re1 Bd4+ 16. Kh1 Ng3+ 17. Kh2 Bf2 18. Rf1 Nxf1+ 19. Qxf1 Qd6+ 20. Kh1 Qg3 21. Nb5 Re7 22. Rd1 Rd8 23. Nc3 1/2-1/2

[Event "Lippe Cup 06th"]
[Site "Lieme"]
[Date "2009.10.17"]
[Round "3"]
[White "Niediek, Cedric"]
[Black "Preiss, Lore"]
[Result "1/2-1/2"]
[WhiteElo "1233"]
[BlackElo "1477"]
[PlyCount "38"]
[EventDate "2009.10.16"]
[EventType "swiss"]
[EventRounds "5"]
[EventCountry "GER"]
[SourceTitle "EXT 2013"]
[Source "ChessBase"]
[SourceDate "2012.11.22"]
[SourceVersion "1"]
[SourceVersionDate "2012.11.22"]
[SourceQuality "1"]

1. d4 d5 2. c4 Nf6 3. Nc3 c6 4. cxd5 Nxd5 5. e4 Nxc3 6. bxc3 e6 7. Nf3 Be7 8. Bc4 0-0 9. 0-0 b5 10. Bb3 Bb7 11. Be3 Nd7 12. Bc2 c5 13. e5 Rc8 14. Qd3 f5 15. exf6 Nxf6 16. Qxb5 Bxf3 17. gxf3 cxd4 18. Bxd4 Qd5 19. Qxd5 Nxd5 1/2-1/2

[Event "Lippe Cup 06th"]
[Site "Lieme"]
[Date "2009.10.16"]
[Round "1"]
[White "Niediek, Cedric"]
[Black "Lotze, Andreas"]
[Result "0-1"]
[WhiteElo "1233"]
[BlackElo "1584"]
[PlyCount "62"]
[EventDate "2009.10.16"]
[EventType "swiss"]
[EventRounds "5"]
[EventCountry "GER"]
[SourceTitle "EXT 2012"]
[Source "ChessBase"]
[SourceDate "2011.11.24"]
[SourceVersion "1"]
[SourceVersionDate "2011.11.24"]
[SourceQuality "1"]

1. d4 d5 2. c4 c6 3. Nc3 Nf6 4. Nf3 dxc4 5. e4 b5 6. a3 e6 7. e5 Nd5 8. Nxd5 Qxd5 9. Bd2 Be7 10. Be2 Bb7 11. 0-0 0-0 12. a4 a6 13. axb5 cxb5 14. Qc2 Nc6 15. Be3 Rac8 16. Rfd1 Nb4 17. Qb1 Qc6 18. Bd2 Nd5 19. Qc2 h6 20. Rac1 Qb6 21. Bc3 Rc7 22. b3 b4 23. Be1 c3 24. Bc4 Bc6 25. Qa2 Ra7 26. Ra1 Rfa8 27. Qa5 Qb7 28. h3 Bd8 29. Qa2 a5 30. Nh2 Nb6 31. Be2 Bxg2 0-1